Writing UNIX device drivers in C /
Saved in:
| Main Authors: | , |
|---|---|
| Format: | Book |
| Language: | English |
| Published: |
Englewood Cliffs :
Prentice Hall,
1993
|
| Edition: | 1.ed. |
| Subjects: | |
| Tags: |
No Tags, Be the first to tag this record!
|
MARC
| LEADER | 00000nam a22000003a 4500 | ||
|---|---|---|---|
| 001 | stu4658 | ||
| 005 | 20150617225810.2 | ||
| 008 | 931018s1993----xxu-----------------eng-d | ||
| 020 | |a 0-13-963869-5 | ||
| 040 | |a STU |b slo | ||
| 041 | 0 | |a eng | |
| 044 | |a xxu | ||
| 080 | |a 681.32.066 | ||
| 080 | |a UNIX | ||
| 080 | |a 519.68 | ||
| 100 | 1 | |a Adams, Phillip M |4 aut | |
| 245 | 1 | |a Writing UNIX device drivers in C / |c [aut.] Adams,Phillip M.; Tondo,Clovis L | |
| 250 | |a 1.ed. | ||
| 260 | |a Englewood Cliffs : |b Prentice Hall, |c 1993 | ||
| 300 | |a 550 s : |b disketa | ||
| 650 | 7 | |a programové systémy |2 stusub | |
| 650 | 7 | |a programovanie |2 stusub | |
| 650 | 7 | |a riadiace zariadenia |2 stusub | |
| 650 | 7 | |a INTEL 80386 |2 stusub | |
| 700 | 1 | |a Tondo, Clovis L |4 aut | |
| 996 | |c I*9OP4776 |l I |s A |a 24 |w stu4658_0001 | ||